=LDR 00000nam 2200000 4500 =001 INLIS000000000810527 =005 20260409103519 =035 ##$$a 0010-0426000002 =007 ta =008 260409###########################0#ind## =020 ##$$a 9793407972 =020 ##$$a 9793407970 =082 ##$$a 297.1227 =084 ##$$a 297.1227 SAD t =245 ##$$a Tafsir As sa'di Jilid 1 dan 2 /$c Syaikh Abdurrahman bin Nasir as-Sa'di =260 ##$$a Jakarta :$b Pustaka Sahifa,$c 1999 =300 ##$$a 618Hlm ; $c 24 cm =520 ##$$a Tafsir Al-Qur’an berdasarkan pendekatan tahlili dengan gaya bahasa ringkas, mudah dipahami, dan moderat =250 ##$$a Cet. 1 =990 ##$$a 00000005295 =990 ##$$a 00000005296